000 00779nam a2200193Ii 4500
003 JO-AjNU
008 230605s9999||||xx |||||||||||||| ||und||
040 _aJO-AjNU
_bara
_erda
_cJO-AjNU
041 _aara
050 1 4 _aCT1862.S946.1993
100 3 _aتأليف الذهبي، شمس الدين محمد بن أحمد بن عثمان؛ حققه وعلق عليه روحية عبدالرحمن السويفي ,
_eauthor
_918994
245 0 0 _aمعجم محدثي الذهبي للإمام شمس الدين محمد بن أحمد بن عثمان الذهبي
250 _aط1
264 3 1 _aبيروت: دار الكتب العلمية، 1993
300 _a208ص
336 _atext
_btxt
_2rdacontent
337 _aunmediated
_bn
_2rdamedia
338 _avolume
_bnc
_2rdacarrier
999 _aA6178
_c9746
_d9746